Psychological Testing : Principles applications and issues (Record no. 156362)

MARC details
000 -LEADER
fixed length control field 00443nam a2200145Ia 4500
008 - FIXED-LENGTH DATA ELEMENTS--GENERAL INFORMATION
fixed length control field 230411s9999 xx 000 0 und d
020 ## - INTERNATIONAL STANDARD BOOK NUMBER
International Standard Book Number 81-315-0209-0
041 ## - LANGUAGE CODE
Language code of text/sound track or separate title eng
082 ## - DEWEY DECIMAL CLASSIFICATION NUMBER
Classification number PY/150/KAP/SAC/B05896
100 ## - MAIN ENTRY--PERSONAL NAME
Personal name Kaplan Robert & Saccuzzo Dennis
9 (RLIN) 178754
245 ## - TITLE STATEMENT
Title Psychological Testing : Principles applications and issues
260 ## - PUBLICATION, DISTRIBUTION, ETC. (IMPRINT)
Name of publisher, distributor, etc. Wadsworth Cengage Learning
Place of publication, distribution, etc. Australia
Date of publication, distribution, etc. 2005
300 ## - PHYSICAL DESCRIPTION
Extent 744p
Holdings
Withdrawn status Lost status Damaged status Not for loan Collection code Home library Current library Date acquired Vendor Cost, normal purchase price Bill number Total Checkouts Total Renewals Full call number Barcode Checked out Date last seen Date last checked out Cost, replacement price Bill Date Koha item type Original Barcode
          Smt. Bakul Tambat Institute of Nursing Education Smt. Bakul Tambat Institute of Nursing Education 07/01/2010 Pritam Book Centre 395.00 6632 3 2 PY 150 KAP SAC B05896 BTIN-BK-5896 13/07/2026 16/07/2025 16/07/2025 296.00 07/01/2010 Books B05896